000 00573nam a2200193 i 4500
001 82017
003 ES-MaACL
005 20230906174549.0
007 t|
008 041118s2003 sp ||||1| spa d
020 _a84-95889-59-3
080 _a394.3(460.27 M.)
100 1 _aLorenzo Fernández, J. Alberto.
_974183
245 1 0 _aMadrid y nuestros juegos de antaño /
_cJ. Alberto Lorenzo Fernández.
260 _aMadrid :
_bLa Librería,
_c[2003]
300 _a118 p. :
_bil. ;
_c21 cm.
650 4 _aJuegos-
_zMadrid.
_914015
852 _aES-MaACL
_jL-28498
_bR.134224
999 _c82017
_d82017